Industrial relations in Kerala (Record no. 349560)

000 -LEADER
fixed length control field 00347cam a22001217a 4500
008 - FIXED-LENGTH DATA ELEMENTS--GENERAL INFORMATION
fixed length control field 180718b1973 xxu||||| |||| 00| 0 eng d
082 ## - DEWEY DECIMAL CLASSIFICATION NUMBER
Classification number R7x5453 N143
100 ## - MAIN ENTRY--PERSONAL NAME
Personal name Nair, K. Ramchandran
245 ## - TITLE STATEMENT
Title Industrial relations in Kerala
Statement of responsibility, etc. by K. Ramchandran Nair
260 ## - PUBLICATION, DISTRIBUTION, ETC.
Place of publication, distribution, etc. Delhi
Name of publisher, distributor, etc. Sterling
Date of publication, distribution, etc. 1973
300 ## - PHYSICAL DESCRIPTION
Extent 437p.
650 ## - SUBJECT ADDED ENTRY--TOPICAL TERM
Topical term or geographic name entry element Labour Relations - India
Holdings
Withdrawn status Lost status Damaged status Not for loan Permanent Location Current Location Date acquired Full call number Barcode Date last seen Price effective from Koha item type
        Indian Institute of Public Administration Indian Institute of Public Administration 1993-11-01 R7x5453 N143 47763 2018-07-21 2018-07-21 Book

Powered by Koha